000
00216nam a2200097Ia 4500
005
20251222114406.0
008
251222s1900||||xx |||||||||||||| ||spa||
082
_a
DVD0070/K53/T.7
245
0
_a
No robarĂ¡s:
942
_c
DVD
999
_c
1854
_d
1854